000 00898nam a2200253Ia 4500
003 OSt
005 20220930192412.0
006 a|||||r|||| 00| 0
007 ta
008 220926b |||||||| |||| 00| 0 eng d
024 _a10134
037 _cDissertations
040 _aCRL
_cCRL
_beng
041 _2eng
_aeng
100 _aGoel Satish
_9524167
110 _aUniversity of Delhi. Faculty of Medical Sciences. Department of Preventive and Social Medicine
_9519254
245 0 _aClinico-social study of ocular morbidity in an urban resettlement colony of Delhi
260 _c1994
650 _aCOMMUNITY HEALTH SERVICES
700 _a Dr T R Sachdev Supervisor
_9531745
700 _aUniversity of Delhi. Faculty of Medical Sciences. Department of Preventive and Social Medicine
_9519256
942 _cDIS
_2CC
999 _c895139
_d895139